Normal view
MARC view
- بقلم حوى، سعيد
Entry Personal Name
001 - CONTROL NUMBER
- control field: 62076
003 - CONTROL NUMBER IDENTIFIER
- control field: JO-AjAnu
005 - DATE AND TIME OF LATEST TRANSACTION
- control field: 20230606084135.0
008 - FIXED-LENGTH DATA ELEMENTS
- fixed length control field: 230606|| aca||aabn | a|a d
040 ## - CATALOGING SOURCE
- Original cataloging agency: JO-AjAnu
- Transcribing agency: JO-AjAnu
100 ## - HEADING--PERSONAL NAME
- Personal name: بقلم حوى، سعيد
670 ## - SOURCE DATA FOUND
- Source citation: Work cat.: (JO-AjAnu)31659: بقلم حوى، سعيد, author, الله جل جلاله : دراسات منهجية هادفة حول الاصول الثلاثة: الله،الرسول،الاسلام